000 01171cam a2200301 a 4500
001 3449004
003 Ke-BoTe
005 20220224100839.0
008 920302s1992 miu i 001 0 eng
010 _a 92011386
020 _a0310579503
040 _aDLC
_cDLC
_dDLC
050 0 0 _aBS432
_b.K65 1992
082 0 0 _a220.5/208
_220
100 1 _aKohlenberger, John R.
_92918
245 1 0 _aZondervan NIV Nave's Topical Bible /
_cJohn R. Kohlenberger III, general editor ; David J. Jirak, associate editor.
260 _aGrand Rapids, Mich. :
_bZondervan,
_cc1992.
300 _axi, 1138 p. ;
_c24 cm.
500 _a"Index of G/K-Strong's numbers": p.1119-1138.
630 0 0 _aBible
_xIndexes.
_92933
700 1 _aJirak, David J.
_92939
700 1 _aNave, Orville J.
_q(Orville James),
_d1841-1917.
_tTopical Bible.
_92940
740 0 _aNIV Nave's Topical Bible.
856 4 2 _3Publisher description
_uhttp://www.loc.gov/catdir/enhancements/fy0633/92011386-d.html
906 _a7
_bcbc
_corignew
_d1
_eocip
_f19
_gy-gencatlg
942 _2lcc
_cBK
_n0
999 _c1524
_d1524